<?xml version="1.0" encoding="UTF-8"?>
<record
    xmlns:xsi="http://www.w3.org/2001/XMLSchema-instance"
    xsi:schemaLocation="http://www.loc.gov/MARC21/slim http://www.loc.gov/standards/marcxml/schema/MARC21slim.xsd"
    xmlns="http://www.loc.gov/MARC21/slim">

  <leader>00559nam a22001577a 4500</leader>
  <controlfield tag="005">20260325101652.0</controlfield>
  <controlfield tag="008">260325b        |||||||| |||| 00| 0 eng d</controlfield>
  <datafield tag="020" ind1=" " ind2=" ">
    <subfield code="a">978-93-5442-677-3</subfield>
  </datafield>
  <datafield tag="041" ind1=" " ind2=" ">
    <subfield code="a">Mar</subfield>
  </datafield>
  <datafield tag="100" ind1=" " ind2=" ">
    <subfield code="a">&#x91A;&#x93E;&#x902;&#x926;&#x935;&#x921;&#x915;&#x930;, &#x924;&#x941;&#x937;&#x93E;&#x930; </subfield>
    <subfield code="9">217254</subfield>
  </datafield>
  <datafield tag="245" ind1=" " ind2=" ">
    <subfield code="a">&#x932;&#x947;&#x916;&#x928; &#x915;&#x94C;&#x936;&#x932;&#x94D;&#x92F; : &#x928;&#x93F;&#x92C;&#x902;&#x927; &#x906;&#x923;&#x93F; &#x917;&#x94D;&#x930;&#x902;&#x925; &#x92A;&#x930;&#x940;&#x915;&#x94D;&#x937;&#x923;    ( Marathi Ref. )</subfield>
  </datafield>
  <datafield tag="250" ind1=" " ind2=" ">
    <subfield code="a">1st ed.</subfield>
  </datafield>
  <datafield tag="260" ind1=" " ind2=" ">
    <subfield code="a">Pune</subfield>
    <subfield code="b">Atharv                                                                          </subfield>
  </datafield>
  <datafield tag="300" ind1=" " ind2=" ">
    <subfield code="a">89</subfield>
  </datafield>
  <datafield tag="942" ind1=" " ind2=" ">
    <subfield code="c">RF</subfield>
  </datafield>
  <datafield tag="999" ind1=" " ind2=" ">
    <subfield code="c">370768</subfield>
    <subfield code="d">370768</subfield>
  </datafield>
  <datafield tag="952" ind1=" " ind2=" ">
    <subfield code="0">0</subfield>
    <subfield code="1">0</subfield>
    <subfield code="2">ddc</subfield>
    <subfield code="4">0</subfield>
    <subfield code="7">0</subfield>
    <subfield code="a">SSMM</subfield>
    <subfield code="b">SSMM</subfield>
    <subfield code="d">2026-03-25</subfield>
    <subfield code="e">Atharva</subfield>
    <subfield code="g">150.00</subfield>
    <subfield code="i">1138</subfield>
    <subfield code="l">0</subfield>
    <subfield code="p">SSMM-BK-33253</subfield>
    <subfield code="r">2026-03-25 10:19:00</subfield>
    <subfield code="w">2024-10-16</subfield>
    <subfield code="y">RF</subfield>
    <subfield code="z">010033253</subfield>
  </datafield>
  <datafield tag="952" ind1=" " ind2=" ">
    <subfield code="0">0</subfield>
    <subfield code="1">0</subfield>
    <subfield code="2">ddc</subfield>
    <subfield code="4">0</subfield>
    <subfield code="7">0</subfield>
    <subfield code="a">SSMM</subfield>
    <subfield code="b">SSMM</subfield>
    <subfield code="d">2026-03-25</subfield>
    <subfield code="e">Atharva</subfield>
    <subfield code="g">150.00</subfield>
    <subfield code="i">1138</subfield>
    <subfield code="l">0</subfield>
    <subfield code="p">SSMM-BK-33254</subfield>
    <subfield code="r">2026-03-25 10:19:00</subfield>
    <subfield code="w">2024-10-16</subfield>
    <subfield code="y">RF</subfield>
    <subfield code="z">010033254</subfield>
  </datafield>
</record>
